000 01730cam a2200457Li 4500
001 91665
005 20230410123609.0
008 060505s2006 fr 000 0 fre d
035 _a(OCoLC)ocn470248371
040 _aBDF
_bfre
_cBDF
015 _a00656593
_2bnf
016 7 _aFRBNF401545180000005
_2FrPBN
020 _a2844811094 (br)
020 _a9782844811097 (br)
029 1 _aZWZ
_b106989782
035 _a(OCoLC)470248371
050 1 4 _aKJV 5500
_bM376c 2006
082 0 0 _a346.4402
100 1 _aMartel, Catherine.
245 1 4 _aLes contrats de la production :
_bcinema et television /
_cCatherine Martel.
260 _a[Paris] :
_bDixit ed.,
_cimpr. 2006
_e(06-Nice :
_fToscane impr.)
300 _a1 vol. (352 p.) :
_bill., couv. ill. en coul. ;
_c24 cm.
490 0 _a[Le guide du producteur],
_x0988-1042
500 _aNotice red. d'apráes la couv.
650 7 _aAudiovisuel
_xProduction et realisation
_xDroit
_zFrance.
_2ram
650 7 _aContrats
_zFrance.
_2ram
650 0 _aMotion pictures
_xLaw and legislation
_zFrance.
650 0 _aTelevision
_xLaw and legislation
_zFrance.
650 0 _aArtists’ contracts
_zFrance
_vForms.
650 4 _aPelículas
_xDerecho y legislación
_zFrancia.
650 4 _aDerechos de autor
_xAspectos jurídicos.
650 4 _aMateriales audiovisuales
_xLegislación.
650 4 _aCine
_xLegislación.
760 0 _tLe Guide du producteur,
_d2006
_x0988-1042
_w(FrPBN)34247109
856 4 2 _3Notice et cote du catalogue de la Bibliotháeque nationale de France
_uhttp://catalogue.bnf.fr/ark:/12148/cb401545183
886 1 _2intermrc
_a009
_ba--d---------------
886 2 _2intermrc
_a680
_b0-
_a340
_b340
942 _2lcc
_cbk
994 _aC0
_bDRFGD
946 _anc
999 _c64608
_d64608